¡Cómo molo! (Registro nro. 11695)

Detalles MARC
000 -LEADER
fixed length control field 00968cam a22003133a 4500
001 - CONTROL NUMBER
control field 0000758
003 - CONTROL NUMBER IDENTIFIER
control field DO-SdBNP
005 - DATE AND TIME OF LATEST TRANSACTION
control field 20180123090135.0
007 - PHYSICAL DESCRIPTION FIXED FIELD--GENERAL INFORMATION
fixed length control field 0000758
008 - FIXED-LENGTH DATA ELEMENTS--GENERAL INFORMATION
fixed length control field 861112 2002 sp a 000 0 spa d
010 ## - LIBRARY OF CONGRESS CONTROL NUMBER
LC control number
020 ## - INTERNATIONAL STANDARD BOOK NUMBER
International Standard Book Number 8420450006
040 ## - CATALOGING SOURCE
Original cataloging agency BPMSU
Transcribing agency spa
Modifying agency BPMSU
--
100 1# - MAIN ENTRY--PERSONAL NAME
Personal name Lindo, Elvira
Dates associated with a name 1962-
245 10 - TITLE STATEMENT
Title ¡Cómo molo!
Remainder of title (otra de Manolito Gafotas) /
Statement of responsibility, etc. Elvira Lindo ; ilustraciones Emilio Urberuaga
250 ## - EDITION STATEMENT
Edition statement 2a. ed.
260 ## - PUBLICATION, DISTRIBUTION, ETC. (IMPRINT)
Place of publication, distribution, etc. Madrid, España :
Name of publisher, distributor, etc. Alfaguara,
-- Santillana ediciones generales,
Date of publication, distribution, etc. 2002.
300 ## - PHYSICAL DESCRIPTION
Extent 123 p. :
Other physical details il.
Dimensions 20 cm.
490 1# - SERIES STATEMENT
Series statement Próxima parada Alfaguara
500 ## - GENERAL NOTE
General note Incluye datos biográficos de la autora.
500 ## - GENERAL NOTE
General note Literatura para niños a partir de los 12 años.
521 ## - TARGET AUDIENCE NOTE
Target audience note A partir de 12 años.
600 00 - SUBJECT ADDED ENTRY--PERSONAL NAME
Personal name
General subdivision
700 12 - ADDED ENTRY--PERSONAL NAME
Personal name Urberuaga, Emilio
Relator term il.
830 #0 - SERIES ADDED ENTRY--UNIFORM TITLE
Uniform title Próxima parada Alfaguara
942 ## - ADDED ENTRY ELEMENTS (KOHA)
Source of classification or shelving scheme Dewey Decimal Classification
Koha item type Libros
945 ## - LOCAL PROCESSING INFORMATION (OCLC)
a Inventariado, 2018/LP
956 ## - LOCAL ELECTRONIC LOCATION AND ACCESS (OCLC)
Host name YLOCKWARD
Access number 10
Existencias
Withdrawn status Lost status Source of classification or shelving scheme Damaged status Not for loan Collection code Home library Current library Date acquired Source of acquisition Total Checkouts Barcode Date last seen Price effective from Koha item type
    Dewey Decimal Classification     Colección Juvenil General Biblioteca Pública Metropolitana Salomé Ureña Biblioteca Pública Metropolitana Salomé Ureña 10/26/2016 Donado por Fundi   BPMSU16100397 10/26/2016 10/26/2016 Libros